[Event "AUTO-INT-2394"]
[Site "http://www.queenalice.com/game.php?id=1088331"]
[Date "2012.7.28"]
[Round "1"]
[White "Tenista"]
[Black "brink333"]
[Result "0-1"]
[WhiteElo "1668"]
[BlackElo "1604"]

1. e4 d5 2. exd5 Nf6 3. c4 c6 4. Nc3 cxd5 5. cxd5 g6 6. b3 Bg7 7. Bc4 O-O 8. Nf3
Nbd7 9. O-O Nb6 10. d3 Nfxd5 11. Nxd5 Bxa1 12. Ne3 Nxc4 13. Nxc4 Bg7 14. Re1 b5
15. Nce5 Bb7 16. d4 Qd6 17. Bf4 Qb4 18. Bd2 Bxf3 19. gxf3 Qd6 20. f4 Rac8 21. a4
bxa4 22. bxa4 Qxd4 23. Nf3 Qd7 24. Bb4 Qxd1 25. Rxd1 Rfd8 26. Re1 e6 27. h4 Bc3
28. Bxc3 Rxc3 29. Kg2 Ra3 30. Re4 Rd1 31. Ne5 Rda1 32. Nc6 Rxa4 33. Rxa4 Rxa4
34. Kg3 a5 35. f3 Ra2 36. Kg4 a4 37. h5 Kg7 38. hxg6 hxg6 39. Kg5 a3 40. Nb4
Rg2+ 41. Kh4 a2 42. Nxa2 Rxa2 43. Kg3 Kf6 44. Kg4 Rb2 45. Kg3 Kf5 46. Kh3 Kxf4
47. Kh4 Rh2# 0-1

[Event "AUTO-INT-2394"]
[Site "http://www.queenalice.com/game.php?id=1088332"]
[Date "2012.7.28"]
[Round "1"]
[White "brink333"]
[Black "Tenista"]
[Result "1-0"]
[WhiteElo "1513"]
[BlackElo "1707"]

1. d4 d5 2. e4 dxe4 3. Nc3 Bf5 4. f3 exf3 5. Nxf3 e6 6. Bc4 Bb4 7. O-O Nf6 8.
Bg5 Bxc3 9. bxc3 O-O 10. Rb1 b6 11. Ne5 Qd6 12. g4 Bg6 13. Bxf6 gxf6 14. Rxf6
Qd8 15. Qf3 Nd7 16. Nxd7 Qxd7 17. h4 Bxc2 18. Re1 Rae8 19. h5 b5 20. Bd3 Bxd3
21. Qxd3 e5 22. Kh2 Qxg4 23. Rg1 Qxg1+ 24. Kxg1 e4 25. Qe3 a5 26. h6 Kh8 27. Kh2
b4 28. Rf4 f5 29. d5 bxc3 30. Qxc3+ Kg8 31. Qg7# 1-0

[Event "AUTO-INT-2394"]
[Site "http://www.queenalice.com/game.php?id=1088343"]
[Date "2012.7.28"]
[Round "1"]
[White "brink333"]
[Black "tche_elvio"]
[Result "1-0"]
[WhiteElo "1377"]
[BlackElo "1594"]

1. d4 g6 2. Bf4 Bg7 3. e3 d6 4. c3 Nf6 5. h3 O-O 6. Nf3 Nd5 7. Bh2 a6 8. a4 c5
9. Nbd2 cxd4 10. exd4 Nc6 11. Be2 Re8 12. O-O e5 13. dxe5 Nxe5 14. Nxe5 Bxe5 15.
Bxe5 dxe5 16. Ne4 f5 17. Bc4 Be6 18. Ng5 Nc7 19. Nxe6 Nxe6 20. Qb3 Kf7 21. Qxb7+
Re7 22. Qf3 Qc7 23. Bxe6+ Kxe6 24. Qxa8 1-0

[Event "AUTO-INT-2394"]
[Site "http://www.queenalice.com/game.php?id=1088344"]
[Date "2012.7.28"]
[Round "1"]
[White "tche_elvio"]
[Black "brink333"]
[Result "0-1"]
[WhiteElo "1594"]
[BlackElo "1329"]

1. d4 e5 2. e4 exd4 3. Qxd4 Nc6 4. Qa4 Nf6 5. Nc3 d6 6. Bb5 Bd7 7. Bg5 Be7 8.
O-O-O a6 9. Bxc6 Bxc6 10. Qd4 O-O 11. Nd5 Nxd5 12. Bxe7 Nxe7 13. f3 b5 14. Ne2
Nc8 15. Nf4 Qg5 16. g3 Nb6 17. Kb1 Qe5 18. Qxe5 dxe5 19. Nd5 Bxd5 20. exd5 Rad8
21. b3 Nxd5 22. Rhe1 Nc3+ 0-1

[Event "AUTO-OPEN-2753"]
[Site "http://www.queenalice.com/game.php?id=1088701"]
[Date "2012.7.30"]
[Round "1"]
[White "robsoncxi"]
[Black "brink333"]
[Result "1-0"]
[WhiteElo "1781"]
[BlackElo "1613"]

1. d4 e5 2. dxe5 Nc6 3. Nf3 Nge7 4. Bg5 h6 5. Bh4 g5 6. Bg3 Bg7 7. Nc3 Ng6 8. e4
Ngxe5 9. Nxe5 Nxe5 10. Qh5 d6 11. Qe2 Bd7 12. Bxe5 Bxe5 13. Qd2 Bc6 14. Bc4 Qf6
15. Bd5 Bxc3 16. Qxc3 Qxc3+ 17. bxc3 Kd7 18. c4 Rhe8 19. O-O Bxd5 20. exd5 Re2
21. Rac1 Rae8 22. f3 1-0

[Event "AUTO-OPEN-2753"]
[Site "http://www.queenalice.com/game.php?id=1088702"]
[Date "2012.7.30"]
[Round "1"]
[White "brink333"]
[Black "robsoncxi"]
[Result "0-1"]
[WhiteElo "1604"]
[BlackElo "1790"]

1. d4 d5 2. e4 dxe4 3. Nc3 c5 4. Bb5+ Bd7 5. dxc5 e6 6. Be3 Nf6 7. Nge2 Nc6 8.
O-O Rc8 9. Ng3 Nb8 10. Bxd7+ Nbxd7 11. Ncxe4 Nxe4 12. Nxe4 Bxc5 13. Bxc5 Nxc5
14. Nd6+ Ke7 15. Nxc8+ Qxc8 16. Qf3 Rd8 17. Rfd1 Nd7 18. Qa3+ Ke8 19. c3 a6 20.
h3 g6 21. Rd4 e5 22. Re1 f6 0-1

[Event "AUTO-OPEN-2753"]
[Site "http://www.queenalice.com/game.php?id=1088727"]
[Date "2012.7.30"]
[Round "1"]
[White "brink333"]
[Black "huviga2012"]
[Result "1-0"]
[WhiteElo "1484"]
[BlackElo "1616"]

1. d4 d5 2. e4 dxe4 3. Nc3 Nf6 4. f3 exf3 5. Nxf3 Bg4 6. h3 Bh5 7. g4 Bg6 8. Ne5
Nd5 9. Qf3 Nxc3 10. bxc3 f6 11. Nxg6 hxg6 12. Qxb7 Nd7 13. Bd3 Qb8 14. Qxb8+
Rxb8 15. Bxg6+ Kd8 16. c4 e5 17. c3 c5 18. d5 Bd6 19. Ke2 Nf8 20. Bc2 g6 21. Rb1
Rxb1 22. Bxb1 Kd7 23. h4 Be7 24. h5 Kd6 25. Kf2 a5 26. Kg2 gxh5 27. gxh5 Rg8+
28. Kf2 Nh7 29. Bxh7 Rb8 30. Bf5 Rb1 31. Bxb1 a4 32. h6 f5 33. h7 Bf6 34. Rh6
Ke7 35. Rxf6 Kxf6 36. h8=Q+ 1-0

[Event "AUTO-OPEN-2753"]
[Site "http://www.queenalice.com/game.php?id=1088728"]
[Date "2012.7.30"]
[Round "1"]
[White "huviga2012"]
[Black "brink333"]
[Result "0-1"]
[WhiteElo "1760"]
[BlackElo "1441"]

1. e4 d5 2. exd5 Nf6 3. Nc3 Nxd5 4. Bc4 c6 5. d4 Bf5 6. Nxd5 cxd5 7. Bb5+ Nc6 8.
Nf3 Qa5+ 9. c3 Qxb5 10. a4 Qb6 11. b4 e6 12. a5 Qb5 13. Bd2 Bd6 14. h3 O-O 15.
g4 Be4 16. Qe2 Qxe2+ 17. Kxe2 a6 18. Rhc1 Bxf3+ 19. Kxf3 e5 20. dxe5 Nxe5+ 21.
Kg2 Nc4 22. Bg5 f6 23. Bh4 g5 24. Bg3 Bxg3 25. Kxg3 Rfe8 26. f4 Re3+ 27. Kg2
Rae8 28. Rd1 Rxc3 29. Kf2 Rc2+ 30. Kg1 Ree2 31. Rxd5 Rg2+ 32. Kh1 Rh2+ 33. Kg1
Rcg2+ 34. Kf1 Ne3+ 35. Ke1 Rh1# 0-1

[Event "AUTO-OPEN-2753"]
[Site "http://www.queenalice.com/game.php?id=1088729"]
[Date "2012.7.30"]
[Round "1"]
[White "brink333"]
[Black "sixk3b3g"]
[Result "0-1"]
[WhiteElo "1613"]
[BlackElo "2231"]

1. d4 c5 2. c3 cxd4 3. cxd4 Nf6 4. Nc3 d5 5. Nf3 g6 6. Bf4 Bd7 7. e3 Bg7 8. h3
Nc6 9. Be2 O-O 10. O-O Be6 11. Re1 h6 12. Bh2 Ne4 13. Nxe4 dxe4 14. Nd2 Bd5 15.
Bc4 e5 16. Bxd5 Qxd5 17. Qb3 Qxb3 18. Nxb3 exd4 19. Nxd4 Rac8 20. Nxc6 Rxc6 21.
Bg3 Rc2 22. Red1 Rxb2 23. Rab1 Rxb1 24. Rxb1 b6 25. Rb4 Re8 26. Rc4 Re7 27. Kf1
Bb2 28. Ke2 Kg7 29. a4 Ba1 30. f3 exf3+ 31. gxf3 Be5 32. Bxe5+ Rxe5 33. h4 Ra5
34. Kd3 g5 35. h5 Rc5 36. Re4 Kf6 37. Rd4 Ke6 38. Re4+ Re5 39. Rc4 Rd5+ 40. Ke2
Kd7 41. e4 Re5 42. Ke3 f5 43. Rc1 fxe4 44. fxe4 Rc5 45. Rd1+ Ke7 46. Kf3 Rc8 47.
Rb1 Rc5 48. Rb3 Ke6 49. Rd3 Rc8 50. Rd4 a6 0-1

[Event "AUTO-OPEN-2753"]
[Site "http://www.queenalice.com/game.php?id=1088730"]
[Date "2012.7.30"]
[Round "1"]
[White "sixk3b3g"]
[Black "brink333"]
[Result "1-0"]
[WhiteElo "2231"]
[BlackElo "1613"]

1. e4 d5 2. exd5 Nf6 3. c4 c6 4. dxc6 Nxc6 5. Nf3 e5 6. a3 e4 7. Ng1 Bc5 8. d3
O-O 9. Be2 Re8 10. dxe4 Qxd1+ 11. Bxd1 Nxe4 12. Be3 Nxf2 13. Kxf2 Bxe3+ 14. Kf1
Be6 15. b3 Rad8 16. Nc3 Bf5 17. Nd5 1-0

[Event "AUTO-OPEN-2759"]
[Site "http://www.queenalice.com/game.php?id=1090787"]
[Date "2012.8.6"]
[Round "1"]
[White "brink333"]
[Black "FabianoSales"]
[Result "0-1"]
[WhiteElo "1616"]
[BlackElo "1980"]

1. d4 d5 2. e4 dxe4 3. Nc3 Bf5 4. f3 exf3 5. Nxf3 e6 6. Bd3 Bg4 7. Be3 Bb4 8.
O-O Nf6 9. a3 Bxc3 10. bxc3 O-O 11. Qe1 Re8 12. Qh4 Nbd7 13. Ne5 h6 14. Nxf7
Kxf7 15. Qxg4 Kg8 0-1

[Event "AUTO-OPEN-2759"]
[Site "http://www.queenalice.com/game.php?id=1090788"]
[Date "2012.8.6"]
[Round "1"]
[White "FabianoSales"]
[Black "brink333"]
[Result "1-0"]
[WhiteElo "1982"]
[BlackElo "1615"]

1. d4 e5 2. dxe5 Nc6 3. Bf4 f6 4. exf6 Nxf6 5. e3 d5 6. Bb5 Bc5 7. Nf3 O-O 8.
O-O Bg4 9. h3 Bh5 10. Nbd2 a6 11. Bxc6 bxc6 12. Nb3 Bd6 13. Bxd6 1-0